000 00831cad a22002175a 4500
001 L158437
008 150220s2013 xxk f 000 0 eng d
035 _a(Sirsi) u158437
041 _aeng
050 _a333.33
110 _aNational Association of Estate Agents
_9886
245 _aHousing market report
260 _aWarwick
_bNational Association of Estate Agents
_c2013
520 _aMonthly published UK Housing Market Report lists statistics on numbers of house-hunters, sales per branch, housing stock, and first time buyers.
650 2 4 _aNAEA HOUSING MARKET SURVEY
650 2 4 _aESTATE AGENTS
651 4 _aENGLAND AND WALES
690 _aProperty management
_96262
856 4 0 _uhttps://www.naea.co.uk/info-guides/housing-market-reports.aspx
_zView the item free of charge from www.naea.co.uk...
942 _n0
999 _c115307
_d115307